International Economics (Record no. 11482)
[ view plain ]
| 000 -LEADER | |
|---|---|
| fixed length control field | 00419nam a22001817a 4500 |
| 003 - CONTROL NUMBER IDENTIFIER | |
| control field | OSt |
| 008 - FIXED-LENGTH DATA ELEMENTS--GENERAL INFORMATION | |
| fixed length control field | 220824b ||||| |||| 00| 0 eng d |
| 020 ## - INTERNATIONAL STANDARD BOOK NUMBER | |
| International Standard Book Number | 9788182815643 |
| 082 ## - DEWEY DECIMAL CLASSIFICATION NUMBER | |
| Classification number | 338.91 JHI |
| 100 ## - MAIN ENTRY--PERSONAL NAME | |
| Personal name | JHINGAN,M.L. |
| 245 ## - TITLE STATEMENT | |
| Title | International Economics |
| 250 ## - EDITION STATEMENT | |
| Edition statement | 7th |
| 260 ## - PUBLICATION, DISTRIBUTION, ETC. (IMPRINT) | |
| Place of publication, distribution, etc | Delhi |
| Name of publisher, distributor, etc | Vrinda Publication |
| Date of publication, distribution, etc | 2021 |
| 300 ## - PHYSICAL DESCRIPTION | |
| Extent | 515 |
| 650 ## - SUBJECT ADDED ENTRY--TOPICAL TERM | |
| Topical term or geographic name as entry element | Commerce |
| 700 ## - ADDED ENTRY--PERSONAL NAME | |
| Personal name | JHINGAN,B.K. |
| 942 ## - ADDED ENTRY ELEMENTS (KOHA) | |
| Source of classification or shelving scheme | Dewey Decimal Classification |
| Koha item type | Text Books |
| 942 ## - ADDED ENTRY ELEMENTS (KOHA) | |
| -- | 8 |
| Withdrawn status | Lost status | Source of classification or shelving scheme | Damaged status | Not for loan | Collection code | Home library | Current library | Date acquired | Source of acquisition | Currency | Cost, normal purchase price | Bill Number | Total Checkouts | Full call number | Acc. no. / Barcode | Date last seen | Actual Cost, discounted price | Bill Date | Koha item type | Date last borrowed |
|---|---|---|---|---|---|---|---|---|---|---|---|---|---|---|---|---|---|---|---|---|
| Dewey Decimal Classification | B.Com | PIET NCR College Library | PIET NCR College Library | 23/08/2022 | Kirti Prakashan | Indian Rup | 440.00 | IN759 | 338.91 JHI | N2696 | 24/08/2022 | 330.00 | 20/08/2022 | Reference Books | ||||||
| Dewey Decimal Classification | B.Com | PIET NCR College Library | PIET NCR College Library | 23/08/2022 | Kirti Prakashan | Indian Rup | 440.00 | IN759 | 9 | 338.91 JHI | N2697 | 11/04/2025 | 330.00 | 20/08/2022 | Text Books | 31/03/2025 | ||||
| Dewey Decimal Classification | B.Com | PIET NCR College Library | PIET NCR College Library | 23/08/2022 | Kirti Prakashan | Indian Rup | 440.00 | IN759 | 8 | 338.91 JHI | N2698 | 28/05/2024 | 330.00 | 20/08/2022 | Text Books | 18/04/2024 |